000
00324nam a22001337a 4500
020
_a
0224013238
082
_a
341.33MOO
100
_a
GEOFFREY MOORHOUSE
245
_a
THE DIPLOMATS:THE FOREIGN OFFICE TODAY
260
_a
LONDON
_b
JONATHAN CAPE
_c
1977
300
_a
xii,405pg.
_b
22cm
500
_a
include index
942
_c
BK
999
_c
16986
_d
16986